| 000 | 02097nam0a2200457 i 4500 | ||
|---|---|---|---|
| 001 | RU\NLR\BIBL_A\010919312 | ||
| 005 | 20241102161826.0 | ||
| 010 |
_a9785903325344 _9100 |
||
| 021 |
_aRU _b2015-89828 _95531 |
||
| 035 | _a(NILC)RuMoRGB-008073279 | ||
| 035 | _a(NLR Aleph) 010919312 | ||
| 090 |
_a10668927 _c10668927 |
||
| 100 | _a20151204d2015 u y0rusy50 ca | ||
| 101 | 0 | _arus | |
| 102 | _aRU | ||
| 105 | _ay|||e|||000yy | ||
| 200 | 1 |
_aОдежда, обувь, их украшения, головные уборы, прически _eхронологический словник "Исторического словаря Французской моды в России" _e[около 6000 названий] _fН.И. Епишкин |
|
| 210 |
_aЧита _cПалитра _d2015 |
||
| 215 |
_a37 с. _d20 |
||
| 320 | _aБиблиогр. в тексте прил.: с. 36-37 | ||
| 500 | 1 | 0 |
_7ca _aИсторический словарь французской моды в России _92636146 _3RU\NLR\AUTH\5505160 |
| 606 |
_aКостюм _jСловники _yФранция _91482715 _3RU\NLR\AUTH\66632482 |
||
| 606 |
_aОдежда _jСловники _91229525 _3RU\NLR\AUTH\66183241 |
||
| 606 |
_aОбувь _jСловники _9900169 _3RU\NLR\AUTH\667021 |
||
| 606 | 1 |
_aУкрашения _jСловники _91596330 _3RU\NLR\AUTH\661000658 |
|
| 606 | 1 |
_aПрически _jСловники _92115583 _3RU\NLR\AUTH\661278104 |
|
| 606 |
_aГоловные уборы _jСловники _91291342 _3RU\NLR\AUTH\66216194 |
||
| 675 | _a687 | ||
| 686 | 1 | _aМ4я21 | |
| 686 | 1 | _aМ55я21 | |
| 686 | 1 | _aН937я21 | |
| 686 | 1 | _aМ772.32я21 | |
| 686 | 1 | _aЩ126.63(4Фр)я21 | |
| 700 | 1 |
_7ca _8rus _aЕпишкин _bН. И. _gНиколай Иванович _9153706 _3RU\NLR\AUTH\770153744 |
|
| 702 | 1 |
_4570 _7ca _8rus _aЕпишкин _bН. И. _gНиколай Иванович _9153706 _3RU\NLR\AUTH\770153744 |
|
| 801 | 0 |
_aRU _bРГБ _c20151118 _gRCR |
|
| 942 | _cBOOK | ||
| 980 | _aNBR | ||